Lonely planet slovenia / (Record no. 15829)
[ view plain ]
| 000 -LEADER | |
|---|---|
| fixed length control field | 01622nam a2200277 a 4500 |
| 001 - CONTROL NUMBER | |
| control field | ASIN1741048575 |
| 005 - DATE AND TIME OF LATEST TRANSACTION | |
| control field | 20170105102926.0 |
| 008 - FIXED-LENGTH DATA ELEMENTS--GENERAL INFORMATION | |
| fixed length control field | 131212s2010 xxu eng d |
| 020 ## - INTERNATIONAL STANDARD BOOK NUMBER | |
| International Standard Book Number | 1741048575 (paperback) |
| Terms of availability | $22.99 |
| 020 ## - INTERNATIONAL STANDARD BOOK NUMBER | |
| International Standard Book Number | 9781741048575 (paperback) |
| 040 ## - CATALOGING SOURCE | |
| Original cataloging agency | 0 |
| 050 04 - LIBRARY OF CONGRESS CALL NUMBER | |
| Classification number | DR1359 |
| 082 04 - DEWEY DECIMAL CLASSIFICATION NUMBER | |
| Classification number | 914.973043 |
| Author Mark | FAL 2010 |
| 100 1# - MAIN ENTRY--PERSONAL NAME | |
| Personal name | Fallon, Steve. |
| 245 10 - TITLE STATEMENT | |
| Title | Lonely planet slovenia / |
| Statement of responsibility, etc. | Steve Fallon. |
| 250 ## - EDITION STATEMENT | |
| Edition statement | 6th ed. |
| 260 ## - PUBLICATION, DISTRIBUTION, ETC. | |
| Place of publication, distribution, etc. | [S.l.] : |
| Name of publisher, distributor, etc. | Lonely Planet, |
| Date of publication, distribution, etc. | 2010. |
| 300 ## - PHYSICAL DESCRIPTION | |
| Extent | 316 p. ; |
| Dimensions | 20 cm. |
| 490 1# - SERIES STATEMENT | |
| Series statement | Country travel guide. |
| 520 ## - SUMMARY, ETC. | |
| Summary, etc. | No one knows Slovenia like Lonely Planet. We were the pioneers of a Slovenia guide, after all. We know the best ski spots in the Julian Alps, the most blissed-out spa experiences in Stajerska, the coolest white-water rafting in the Soca Valley and the spookiest caves in Europe. Whatever you're looking for, this 6th edition will tell you all you need to know. Lonely Planet guides are written by experts who get to the heart of every destination they visit. This fully updated edition is packed with accurate, practical and honest advice, designed to give you the information you need to make the most of your trip. In This Guide: Local Tips and regional itineraries get you to the heart of the country Expanded activities coverage shows you how to get the best out of Slovenia's exciting landscapes Color Highlights help you plan your trip. |
| 650 #0 - SUBJECT ADDED ENTRY--TOPICAL TERM | |
| Topical term or geographic name entry element | Slovenia |
| 650 #0 - SUBJECT ADDED ENTRY--TOPICAL TERM | |
| Topical term or geographic name entry element | Travel |
| 830 #0 - SERIES ADDED ENTRY--UNIFORM TITLE | |
| Uniform title | Country travel guide. |
| 856 40 - ELECTRONIC LOCATION AND ACCESS | |
| Materials specified | Amazon.com |
| Uniform Resource Identifier | <a href="http://www.amazon.com/exec/obidos/ASIN/1741048575/chopaconline-20">http://www.amazon.com/exec/obidos/ASIN/1741048575/chopaconline-20</a> |
| 942 ## - ADDED ENTRY ELEMENTS (KOHA) | |
| Source of classification or shelving scheme | |
| Koha item type | Book |
| Withdrawn status | Lost status | Damaged status | Not for loan | Collection code | Permanent Location | Current Location | Shelving location | Date acquired | Total Checkouts | Full call number | Barcode | Date last seen | Price effective from | Koha item type |
|---|---|---|---|---|---|---|---|---|---|---|---|---|---|---|
| Centre for International Peace & Stability (CIPS) | Centre for International Peace & Stability (CIPS) | General Stacks | 10/02/2013 | 914.973043 FAL 2010 | CIPS0001724 | 12/12/2013 | 12/12/2013 | Book |
